| 000 | 00607nam a2200205Ia 4500 | ||
|---|---|---|---|
| 003 | GCL | ||
| 008 | 140319s9999 xx 000 0 ara d | ||
| 040 |
_aGCL / _cGCL |
||
| 082 | 0 | 4 |
_a415.1 _bع ص |
| 100 | 1 | _aعبدالكريم بكار | |
| 245 | 1 | 0 |
_aالصفوة من القواعد الاعرابية / _cعبدالكريم بكار |
| 260 |
_a[S.N] : _bدار القلم للتراث ، _c1987 |
||
| 300 | _a215 ص | ||
| 490 | _a | ||
| 650 | 0 | 4 | _aالنحو |
| 650 | 0 | 4 | _aاللغة العربية |
| 650 | 0 | 4 | _aالحروف |
| 650 | 0 | 4 | _aالمضاف والمضاف اليه |
| 942 |
_2ddc _cBK |
||
| 999 |
_c28714 _d28714 |
||